书目信息 |
| 题名: |
新闻记者入门
|
|
| 作者: | 孙世恺 著 | |
| 分册: | ||
| 出版信息: | 北京 北京出版社 1982 |
|
| 页数: | 299页 | |
| 开本: | 19cm | |
| 丛书名: | ||
| 单 册: | ||
| 中图分类: | G214.2 | |
| 科图分类: | ||
| 主题词: | 记者--基本知识 | |
| 电子资源: | ||
| ISBN: | ||
| 000 | 00616nam0 2200241 45 | |
| 001 | 0182003319 | |
| 005 | 20040427084836.3 | |
| 010 | @dCNY0.84 | |
| 091 | @a7071.790 | |
| 100 | @a19950614d1982 em y0chiy0121 ea | |
| 101 | 0 | @achi |
| 102 | @aCN@b110000 | |
| 105 | @ay z 000yy | |
| 106 | @ar | |
| 200 | 10 | @a新闻记者入门@Axin wen ji zhe ru men@f孙世恺著 |
| 210 | @a北京@c北京出版社@d1982 | |
| 215 | @a299页@d19cm | |
| 606 | @a记者@x基本知识 | |
| 690 | @aG214.2@v3 | |
| 701 | 0 | @a孙世恺@Asun shi kai@4著 |
| 801 | 0 | @aCN@b上海图书馆@c20040427 |
| 801 | 2 | @aCN@bNLC@c20040427 |
| 905 | @f2@b76668-669@dG214.2@e8 | |
| 新闻记者入门/孙世恺著.-北京:北京出版社,1982 |
| 299页;19cm |
| ISBN :CNY0.84 |
| ● |
| 相关链接 |
|
|
|
|
正题名:新闻记者入门
索取号:G214.2/8
 
预约/预借
| 序号 | 登录号 | 条形码 | 馆藏地/架位号 | 状态 | 备注 |
| 1 | 0076668 | 000493638 | 密集书库/ [索取号:G214.2/8] | 在馆 | |
| 2 | 0076669 | 000493629 | 密集书库/ [索取号:G214.2/8] | 在馆 | |
| 3 | 0076670 | 000497242 | 第一样本阅览室/ [索取号:G214.2/8] | 在馆 |